FORTRANiv programs for canonical correlation and canonical trend surface analysis / (Record no. 720467)

MARC details
000 -LEADER
fixed length control field 01028nam a2200313 a 4500
001 - CONTROL NUMBER
control field vtls001360174
003 - CONTROL NUMBER IDENTIFIER
control field NLI
005 - DATE AND TIME OF LATEST TRANSACTION
control field 20210627081536.0
008 - FIXED-LENGTH DATA ELEMENTS--GENERAL INFORMATION
fixed length control field 120625s1969 ilu f000 0 eng
039 #9 - LEVEL OF BIBLIOGRAPHIC CONTROL AND CODING DETAIL [OBSOLETE]
-- 201206251831
-- VLOAD
040 ## - CATALOGING SOURCE
Original cataloging agency NLI
Language of cataloging eng
Transcribing agency Datasoft_FOD_6
Description conventions AACR2
041 0# - LANGUAGE CODE
Language code of text/sound track or separate title eng
044 ## - COUNTRY OF PUBLISHING/PRODUCING ENTITY CODE
MARC country code ilu
082 04 - DEWEY DECIMAL CLASSIFICATION NUMBER
Classification number 001.6
100 1# - MAIN ENTRY--PERSONAL NAME
Personal name Lee, P. J.
9 (RLIN) 836139
245 10 - TITLE STATEMENT
Title FORTRANiv programs for canonical correlation and canonical trend surface analysis /
Statement of responsibility, etc. by P. J. Lee ; edited by Daniel F. Merriam ... [et al.]
260 ## - PUBLICATION, DISTRIBUTION, ETC.
Place of publication, distribution, etc. Lawrence :
Name of publisher, distributor, etc. University of Kansas,
Date of publication, distribution, etc. 1969
300 ## - PHYSICAL DESCRIPTION
Extent 46 p. ;
Dimensions 28 cm.
650 #0 - SUBJECT ADDED ENTRY--TOPICAL TERM
Topical term or geographic name entry element Computer programminges
9 (RLIN) 739159
650 #0 - SUBJECT ADDED ENTRY--TOPICAL TERM
Topical term or geographic name entry element Electronic data processinges
9 (RLIN) 739160
650 #0 - SUBJECT ADDED ENTRY--TOPICAL TERM
Topical term or geographic name entry element Programming languages (Electronic computers)
9 (RLIN) 676287
700 1# - ADDED ENTRY--PERSONAL NAME
Personal name Merriam, Daniel F.,
Relationship edt
9 (RLIN) 744726
887 ## - NON-MARC INFORMATION FIELD
Content of non-MARC field
901 ## - LOCAL DATA ELEMENT A, LDA (RLIN)
a AD 54793
b 13.09.1975
902 ## - LOCAL DATA ELEMENT B, LDB (RLIN)
a U.S 001.6 L 514
904 ## - LOCAL DATA ELEMENT D, LDD (RLIN)
l 6325.
949 ## - LOCAL PROCESSING INFORMATION (OCLC)
-- VIRTUAITEM
-- 10002
-- 100
6 FOD000054793ENG
942 ## - ADDED ENTRY ELEMENTS (KOHA)
Source of classification or shelving scheme Dewey Decimal Classification
Koha item type Books
Holdings
Withdrawn status Lost status Damaged status Not for loan Collection code Home library Current library Shelving location Date acquired Total Checkouts Full call number Barcode Date last seen Price effective from Koha item type
          National Library of India National Library of India       U.S 001.6 L 514 FOD000054793ENG 27/06/2021 27/06/2021 Books
                                                                           
web counter

Copyright ©2020 The National Library of India, Govt. of India ↔ Hosted by NVLI, MOC ↔ Technology and Design by National Library of India, Ministry of Culture, Govt. of India